NFL Receiving Leaders: Miami Dolphins - Statistics

General Stats
  • This quiz has been taken 26 times
  • The average score is 5 of 10
Answer Stats
Rank Player Yards Years w/ Team % Correct
1 MarkDuper 8869 1982-1992
91%
2 MarkClayton 8643 1983-1992
87%
9 JarvisLandry 4038 2014-2017
52%
6 DeVanteParker 4727 2015-2021
48%
8 BrianHartline 4243 2009-2014
39%
4 ChrisChambers 5688 2001-2007
39%
3 NatMoore 7546 1974-1986
35%
5 O. J. McDuffie 5074 1993-2000
35%
10 TonyNathan 3592 1979-1987
22%
7 DurielHarris 4534 1976-1983;1985
13%
No matching quizzes found
Score Distribution
Percent of People with Each Score
Percentile by Number Answered
Your Score History
You have not taken this quiz